LEADER 00780nam0-22002771i-450- 001 990001318520403321 035 $a000131852 035 $aFED01000131852 035 $a(Aleph)000131852FED01 035 $a000131852 100 $a20000920d????----km-y0itay50------ba 101 0 $aeng 200 1 $aClassgroups of group rings$fMartin Taylor 210 $aCambridge$cCambridge University Press$dS.D. 215 $aXIII, 1119 p.$d23 cm 225 1 $aLondon Mathematical Society lecture note series$v91 676 $a512.9 700 1$aTaylor,$bMartin$0350469 801 0$aIT$bUNINA$gRICA$2UNIMARC 901 $aBK 912 $a990001318520403321 952 $aC-9-(91$b8739$fMA1 959 $aMA1 996 $aClassgroups of group rings$982563 997 $aUNINA DB $aING01 LEADER 01378nam a2200289 a 4500 001 991001578329707536 008 120206s1998 it a bc o00 ita 020 $a8883040066 035 $ab14036721-39ule_inst 040 $aDip.to Studi Giuridici$bita 082 0 $a945.0924 245 00$a1946-1948 :$bRepubblica, costituente, costituzione : mostra storica, bibliografica, documentaria : Firenze, 7 ottobre-19 dicembre 1998 /$ca cura di Pier Luigi Ballini 246 10$aMillenovecentoquarantasei-Millenovecentoquarantotto:$bRepubblica, costituente, costituzione : mostra storica, bibliografica, documentaria 260 $aFirenze :$bPolistampa,$c1998 300 $a366 p :$bill. (alcune color.) ;$c29 cm. 500 $aIn testa al front.: Ministero per i beni culturali e ambientali; Biblioteca nazionale centrale Firenze 504 $aContiene riferimenti bibliografici e indici 650 4$aStoria costituzionale$zItalia 651 4$aItaliay$xPolitica e governo$y1945-1976 700 1 $aBallini, Pier Luigi 710 2 $aBiblioteca nazionale centrale di Firenze 907 $a.b14036721$b28-01-14$c06-02-12 912 $a991001578329707536 945 $aLE027 945.09 BAL01.01$g1$i2027000315703$lle027$og$pE40.00$q-$rl$s- $t0$u0$v0$w0$x0$y.i15376837$z06-02-12 996 $a1946-1948$9244303 997 $aUNISALENTO 998 $ale027$b06-02-12$cm$da $e-$fita$git $h0$i0